| 000 | 00869nam a22001935i 4500 | ||
|---|---|---|---|
| 001 | 162594 | ||
| 003 | ES-MaACL | ||
| 005 | 20230906212548.0 | ||
| 008 | 041119s1858 xxka |||| | eng d | ||
| 040 |
_aCAM _bspa _cCAM |
||
| 100 | 1 |
_aPrinsep, James. _9131374 |
|
| 245 | 1 | 0 | _aEssays on Indian antiquities, historic, numismatic, and paleographic, of the late James Prinsep to which are added his useful tables,... edited, with notes, and additional matter, by Edward Thomas. |
| 260 |
_aLondon : _bJohn Murray, _c1858 ( _fStephen Austin) |
||
| 300 |
_a2 v. (XVI, XVI, 435; VII, 224, XII, 336 p.) : _bil. ; _c23 cm. |
||
| 597 | _aLa última secuencia de la paginación corresponde a tablas e ilustraciones con portada propia. | ||
| 651 | 4 |
_aIndia- _xrestos arqueológcios. _9137222 |
|
| 700 | 0 |
_aThomas, Edward. _9110005 |
|
| 852 |
_aES-MaACL _jG-10445-46 _z-- Enc. tela |
||
| 999 |
_c162594 _d162594 |
||